|
|
|
|
| LEADER |
02943nam a22005655i 4500 |
| 001 |
978-3-319-24987-2 |
| 003 |
DE-He213 |
| 005 |
20160602163637.0 |
| 007 |
cr nn 008mamaa |
| 008 |
151224s2016 gw | s |||| 0|eng d |
| 020 |
|
|
|a 9783319249872
|9 978-3-319-24987-2
|
| 024 |
7 |
|
|a 10.1007/978-3-319-24987-2
|2 doi
|
| 040 |
|
|
|d GrThAP
|
| 050 |
|
4 |
|a QH343.4
|
| 072 |
|
7 |
|a RGM
|2 bicssc
|
| 072 |
|
7 |
|a SCI031000
|2 bisacsh
|
| 072 |
|
7 |
|a SCI086000
|2 bisacsh
|
| 082 |
0 |
4 |
|a 550
|2 23
|
| 245 |
1 |
0 |
|a Biogenic—Abiogenic Interactions in Natural and Anthropogenic Systems
|h [electronic resource] /
|c edited by Olga V. Frank-Kamenetskaya, Elena G. Panova, Dmitry Yu. Vlasov.
|
| 264 |
|
1 |
|a Cham :
|b Springer International Publishing :
|b Imprint: Springer,
|c 2016.
|
| 300 |
|
|
|a XIX, 543 p. 187 illus., 60 illus. in color.
|b online resource.
|
| 336 |
|
|
|a text
|b txt
|2 rdacontent
|
| 337 |
|
|
|a computer
|b c
|2 rdamedia
|
| 338 |
|
|
|a online resource
|b cr
|2 rdacarrier
|
| 347 |
|
|
|a text file
|b PDF
|2 rda
|
| 490 |
1 |
|
|a Lecture Notes in Earth System Sciences,
|x 2193-8571
|
| 505 |
0 |
|
|a Introduction -- Instead of the Foreword -- Biomineralization in Geosystems -- Geochemistry of Biogenic-Abiogenic Systems -- Biomineral Interactions in Soil -- bioweathering and destruction of Cultural Heritage Monuments -- Mineral Formation in Living Organisms and Biomimetic Materials -- History of Science.
|
| 520 |
|
|
|a This book offers a collection of papers presented at the V International Symposium "Biogenic - abiogenic interactions in natural and anthropogenic systems" that was held from 20-22 October 2014 in Saint Petersburg (Russia). Papers in this book cover a wide range of topics connected with interactions between biogenic and abiogenic components in the lithosphere, biosphere and technosphere. The main topics include: biomineralization in geosystems, geochemistry of biogenic-abiogenic systems, biomineral interactions in soil, minerals in living organisms and biomimetic materials, medical geology, bioweathering and destruction of cultural heritage.
|
| 650 |
|
0 |
|a Earth sciences.
|
| 650 |
|
0 |
|a Geobiology.
|
| 650 |
|
0 |
|a Ecology.
|
| 650 |
|
0 |
|a Geoecology.
|
| 650 |
|
0 |
|a Environmental geology.
|
| 650 |
|
0 |
|a Materials science.
|
| 650 |
1 |
4 |
|a Earth Sciences.
|
| 650 |
2 |
4 |
|a Biogeosciences.
|
| 650 |
2 |
4 |
|a Geoecology/Natural Processes.
|
| 650 |
2 |
4 |
|a Materials Science, general.
|
| 650 |
2 |
4 |
|a Biomedicine general.
|
| 650 |
2 |
4 |
|a Terrestial Ecology.
|
| 700 |
1 |
|
|a Frank-Kamenetskaya, Olga V.
|e editor.
|
| 700 |
1 |
|
|a Panova, Elena G.
|e editor.
|
| 700 |
1 |
|
|a Vlasov, Dmitry Yu.
|e editor.
|
| 710 |
2 |
|
|a SpringerLink (Online service)
|
| 773 |
0 |
|
|t Springer eBooks
|
| 776 |
0 |
8 |
|i Printed edition:
|z 9783319249858
|
| 830 |
|
0 |
|a Lecture Notes in Earth System Sciences,
|x 2193-8571
|
| 856 |
4 |
0 |
|u http://dx.doi.org/10.1007/978-3-319-24987-2
|z Full Text via HEAL-Link
|
| 912 |
|
|
|a ZDB-2-EES
|
| 950 |
|
|
|a Earth and Environmental Science (Springer-11646)
|